000 00460nam a2200193Ia 4500
005 20250425161318.0
008 250425s9999 xx 000 0 und d
041 _aita
082 _a516.5
100 _aMASOTTI BIGGIOGERO, GIUSEPPINA
245 0 _aLEZIONI DI GEOMETRIA PROIETTIVA
250 _a4TH ED.
260 _aItalia
_bTAMBURINI
_c1964
260 _aMILAN
300 _a243
650 _aGEOMETRIA PROYECTIVA
942 _c01
010 _a17458
999 _c206657
_d206657